000 nam a22 a 4500
999 _c189455
_d189455
003 BLK
005 20230412030254.0
008 180411b bul|||||r ||||||| ||bul||
010 _aKNG00198498000
020 _a978-954-345-113-5
040 _aBLK
041 _aBUL
_cBUL
072 7 _2bullib
_aН61
_xМедицина Н
080 _aБиохимия на човека (Физиологична химия) - Ензими, ферменти, химически състав на човешкото тяло, обмяна на веществата и влияние на температурата и нервната система върху нея, пигменти. Вж и 577.1
_b612.015
_x:546(02.062)
_z612.015:546(02.062)
080 _aМинерални вещества от естествен произход (Със знак за отношение :549 ; :553)
_b615.326
_x(02.062)
_z615.326(02.062)
139 _aКалций, магнезий, калий и други минерали на здравето и живота
_bК 19
245 1 0 _aКалций, магнезий, калий и други минерали на здравето и живота
_cподб., прев. и написал Росица Тодорова.
257 _aSB
260 _aСофия
_bРаспер
_c2016
_f([Хасково] : [Полиграфюг])
300 _a144 с.
_c21 см
380 _a61
650 4 _aМинерали - лечебно действие
_9340531
650 7 _aМакроелементи - в медицината
_9161006
650 4 _aКалций - влияние върху организма
_9158159
650 4 _aМагнезий - влияние върху организма
_9160900
653 _aминерали
653 _aмакроелементи
653 _aмикроелементи
653 _aкалций
653 _aмагнезий
653 _aкалий
653 _aфосфор
653 _aнатрий
653 _aхлор
653 _aсяра
653 _aцинк
653 _aжелязо
653 _aмед
653 _aманган
653 _aйод
653 _aселен
653 _aхром
653 _aкобалт
653 _aникел
653 _aбор (хим.)
653 _aалуминий
653 _aсилиций
659 _aН
700 _aТодорова, Росица Митева
_9367667
852 _aЦб 290308
856 4 _qpdf
_i0.00
_ldisable
856 4 _qpdf
_i0.00
_ldisable
942 _cKNG
_n0
_08
_s1
944 _aCR
_c17.12.2016
_lф /
_kВиолета_Тройчева
944 _aED
_c05.01.2017
_lф /
_kЛюдмила_Стоянова
999 _d189455
999 _d189455
999 _d189455
999 _d189455
999 _d189455